College Football Teams NOT containing a state - Statistics

General Stats
  • This quiz has been taken 156 times
  • The average score is 38 of 48
Answer Stats
School Team Name % Correct
Notre Dame Fighting Irish
94%
Akron Zips
93%
Miami Hurricanes
93%
Purdue Boilermakers
93%
Army Black Knights
92%
Duke Blue Devils
92%
Navy Midshipmen
91%
Syracuse Orange
91%
Tulane Green Wave
91%
Vanderbilt Commodores
91%
Wake Forest Demon Deacons
91%
Rutgers Scarlet Knights
90%
SMU Mustangs
89%
Clemson Tigers
88%
Marshall Thundering Herd
88%
Stanford Cardinal
88%
Air Force Falcons
87%
Cincinnati Bearcats
87%
San Diego State Aztecs
87%
Auburn Tigers
83%
Boise State Broncos
81%
Baylor Bears
80%
BYU Cougars
80%
Charlotte 49ers
80%
Louisville Cardinals
80%
Toledo Rockets
80%
Pittsburgh Panthers
79%
Kent State Golden Flashes
78%
Tulsa Golden Hurricane
78%
Appalachian State Mountaineers
76%
Buffalo Bulls
76%
Northwestern Wildcats
76%
Houston Cougars
75%
Temple Owls
75%
James Madison Dukes
74%
Bowling Green Falcons
72%
Liberty Flames
72%
San Jose State Spartans
72%
Ball State Cardinals
70%
Rice Owls
70%
Boston College Eagles
69%
Jacksonville State Gamecocks
69%
Old Dominion Monarchs
69%
Troy Trojans
68%
Fresno State Bulldogs
65%
Memphis Tigers
65%
Sam Houston Bearkats
56%
Kennesaw State Owls
55%
No matching quizzes found
Score Distribution
Percent of People with Each Score
Percentile by Number Answered
Your Score History
You have not taken this quiz